Lequel de ces quatre personnalités a... - Statistiques

Statistiques générales
  • Ce quiz a été pris 91 fois
  • Le résultat moyen est 4 sur 10
Statistiques - réponses
Question Réponse % Correct
N'a pas été chanteur ?
80%
N'a pas été empereur ?
60%
N'a jamais dessiné de manga
60%
N'a pas dirigé un belligérant de la seconde guerre mondiale ?
40%
N'a jamais été dans l'armée ?
40%
N'a jamais été chef d'état ?
40%
N'a pas reçu de prix Nobel ?
20%
N'a pas eu d'oscar ?
20%
N'a jamais été peintre ?
20%
N'a jamais été chef d'état major des armées de son pays ?
20%
Aucun quiz correspondant
Distribution des résultats
% des personnes avec chaque résultat
Percentile par nombre de réponses
Votre historique - résultats
Vous n’avez pas pris ce quiz